000
00299nam a22001217a 4500
008
180103b xxu||||| |||| 00| 0 eng d
041
_a
eng
080
_a
316
100
_a
50
101
_a
SOC
245
_a
ADOLSCENT SEXUALITY IN CHANGING AMERICAN SOCIETY
_c
CHILMAN,C.S
942
_2
udc
_c
BK
999
_c
39596
_d
39596